National Park System, regions, regional offices, and areas, 1974.

Bibliographic Details
Corporate Author: United States. Department of the Interior
Format: Map
Language:English
Published: Washington, D.C. : U.S. Government Printing Office, 1974.
Subjects:

MARC

Tag First Indicator Second Indicator Subfields
LEADER 00000cem a2200000 4500
001 in00001108713
005 20150930060717.0
007 aj canzn
008 750226s1974 dcu a 0 eng
010 |a  75692332  
020 |c $0.35 
034 1 |a a 
035 |a (OCoLC)05445210 
035 |9 AFU5777AM 
040 |a DLC  |c DLC  |d m.c.  |d TXA  |d UtOrBLW 
049 |a TXAC 
050 0 0 |a G3701.G52 1974  |b .U5 
052 |a 3701 
110 1 |a United States.  |b Department of the Interior. 
245 1 0 |a National Park System, regions, regional offices, and areas, 1974. 
255 |b Scale not given. 
264 1 |a Washington, D.C. :  |b U.S. Government Printing Office,  |c 1974. 
300 |a map :  |b color ;  |c on sheet 47 x 70 cm. folded to 24 x 11 cm. 
336 |a cartographic image  |b cri  |2 rdacontent 
337 |a unmediated  |b n  |2 rdamedia 
338 |a sheet  |b nb  |2 rdacarrier 
500 |a Folded title: National parks of the United States; map and guide. 
500 |a "June 1974 GJB." 
500 |a "0-549-998." 
500 |a Includes insets of Alaska, Hawaii, Puerto Rico, and Virgin Islands. 
500 |a Text, illus., and listing of "Activities, facilities, and accomodations in the national parks of the United States" on verso. 
500 |a At head of title: U. S. Department of the Interior. 
500 |a "Stock Number 2405-00546." 
500 |a Cartographic material. 
650 0 |a National parks and reserves  |z United States  |v Maps. 
651 0 |a United States  |x Administrative and political divisions  |v Maps. 
740 0 |a National Parks of the United States Map and Guide. 
999 |a MARS 
999 f f |s 7d2faae9-5daf-35e5-8efe-bb6270207b75  |i 71e2e2ba-b897-38dd-a98b-238aa2beddde  |t 0 
952 f f |p normal  |a Texas A&M University  |b College Station  |c Sterling C. Evans Library  |d Evans: Maps (2nd floor)  |t 0  |e G3701.G52 1974 .U5  |h Library of Congress classification  |i unmediated -- sheet  |m A14816850541 
952 f f |p normal  |a Texas A&M University  |b College Station  |c Sterling C. Evans Library  |d Evans: Maps (2nd floor)  |t 0  |e G3701.G52 1974 .U5  |h Library of Congress classification  |i unmediated -- sheet  |m A14816850486 
952 f f |p normal  |a Texas A&M University  |b College Station  |c Sterling C. Evans Library  |d Evans: Maps (2nd floor)  |t 0  |e G3701.G52 1974 .U5  |h Library of Congress classification  |i unmediated -- sheet  |m A14816850533 
998 f f |a G3701.G52 1974 .U5  |t 0  |l Evans: Maps (2nd floor) 
998 f f |a G3701.G52 1974 .U5  |t 0  |l Evans: Maps (2nd floor) 
998 f f |a G3701.G52 1974 .U5  |t 0  |l Evans: Maps (2nd floor)